01327nam a2200289Ia 4500001001200000003000800012006001900020007001500039008004100054020001800095020001800113040002100131035002100152050002300173245026000196260005800456300001900514490003600533504004100569533015200610650003300762651003700795655002900832710003300861710001700894856012600911ebr10744778CaPaEBRm o u cr cn|||||||||111102s2013 dcua sb 000 0 eng d z9781475573855 z9781484387498 aCaPaEBRcCaPaEBR a(OCoLC)85225890514aHC890b.R47 2013eb00aRepublic of Mozambiqueh[electronic resource] :bstaff report for the 2013 article IV consultation, sixth review under the policy support instrument, request for a three-year policy support instrument and cancellation of current policy support instrument. aWashington, DC :bInternational Monetary Fund,c2013. a126 p. :bill.0 aIMF country report ;vno.13/200 aIncludes bibliographical references. aElectronic reproduction.bPalo Alto, Calif. :cebrary,d2013.nAvailable via World Wide Web.nAccess may be limited to ebrary affiliated libraries. 0aMonetary policyzMozambique. 0aMozambiquexEconomic conditions. 7aElectronic books.2local2 aInternational Monetary Fund.2 aebrary, Inc.40uhttp://site.ebrary.com/lib/rucke/Doc?id=10744778zAn electronic book accessible through the World Wide Web; click to view